书目信息 |
| 题名: |
水处理工程实验技术
|
|
| 作者: | 张学洪 , 张力 , 梁延鹏 主编 | |
| 分册: | ||
| 出版信息: | 北京 冶金工业出版社 2008.09 |
|
| 页数: | 300页 | |
| 开本: | 26cm | |
| 丛书名: | ||
| 单 册: | ||
| 中图分类: | TU991.2 | |
| 科图分类: | ||
| 主题词: | 水处理--shui chu li--实验--高等学校--教材 | |
| 电子资源: | ||
| ISBN: | 978-7-5024-4577-5 | |
| 000 | 01018nam0 2200277 450 | |
| 001 | 012009265327 | |
| 005 | 20090917143200.59 | |
| 010 | @a978-7-5024-4577-5@dCNY39.00 | |
| 100 | @a20090917d2008 em y0chiy0120 ea | |
| 101 | 0 | @achi |
| 102 | @aCN@b110000 | |
| 105 | @aa a 000yy | |
| 106 | @ar | |
| 200 | 1 | @a水处理工程实验技术@Ashui chu li gong cheng shi yan ji shu@f张学洪, 张力, 梁延鹏主编@Fzhang xue hong,zhang li,liang yan peng zhu bian |
| 210 | @a北京@c冶金工业出版社@d2008.09 | |
| 215 | @a300页@c图@d26cm | |
| 300 | @a高等学校实验实训规划教材 | |
| 320 | @a有书目 | |
| 330 | @a本书包括实验基础理论、流体力学与水泵实验、水处理微生物实验和水处理技术实验四篇,涵盖了高校环境类学科本科专业主导专业基础课和专业课的全部必做实验。 | |
| 606 | 0 | @a水处理@Ashui chu li@x实验@x高等学校@j教材 |
| 690 | @aTU991.2@v4 | |
| 701 | 0 | @a张学洪@Azhang xue hong@4主编 |
| 701 | 0 | @a张力@Azhang li@4主编 |
| 701 | 0 | @a梁延鹏@Aliang yan peng@4主编 |
| 801 | 0 | @aCN@bQSSK@c20090917 |
| 905 | @b754041-45@dTU991.2@eZ212@f5 | |
| 水处理工程实验技术/张学洪, 张力, 梁延鹏主编.-北京:冶金工业出版社,2008.09 |
| 300页:图;26cm |
| 高等学校实验实训规划教材 |
| ISBN 978-7-5024-4577-5:CNY39.00 |
| 本书包括实验基础理论、流体力学与水泵实验、水处理微生物实验和水处理技术实验四篇,涵盖了高校环境类学科本科专业主导专业基础课和专业课的全部必做实验。 |
| ● |
| 相关链接 |
|
|
|
正题名:水处理工程实验技术
索取号:TU991.2/Z212
 
预约/预借
| 序号 | 登录号 | 条形码 | 馆藏地/架位号 | 状态 | 备注 |
| 1 | 754041 | 207540419 | 建筑库201/201建筑库 132排2列3层/ [索取号:TU991.2/Z212] | 在馆 | |
| 2 | 754042 | 207540428 | 建筑库201/201建筑库 132排2列3层/ [索取号:TU991.2/Z212] | 在馆 | |
| 3 | 754043 | 207540437 | 建筑库201/201建筑库 132排2列3层/ [索取号:TU991.2/Z212] | 在馆 | |
| 4 | 754044 | 207540446 | 建筑库201/ [索取号:TU991.2/Z212] | 在馆 | |
| 5 | 754045 | 207540455 | 市政与环境工程学院资料室/101建筑库 97排1列5层/ [索取号:TU991.2/Z212] | 在馆 |